[Event "Intermat 33rd"]
[Site "Redmond"]
[Date "2024.04.20"]
[Round "1.2"]
[White "Sankrithi, Vivaan"]
[Black "Zhang, Alvin"]
[Result "1-0"]
[WhiteElo "848"]
[BlackElo "500"]
[EventType "team-match"]
[EventRounds "2"]
[EventCountry "USA"]

1. e4 e5 2. Nf3 Nc6 3. Bc4 Bc5 4. O-O Nf6 5. Ng5 O-O 6. Qf3 Qe8 7. Qf5 h6 8.
Nxf7 Ne7 9. Ng5+ Kh8 10. Qxf6 Rxf6 11. Nf7+ Kg8 12. Nd6+ Kf8 13. Nxe8 {#r} 1-0

[Event "Intermat 33rd"]
[Site "Redmond"]
[Date "2024.04.20"]
[Round "1.3"]
[White "Wang, Harvey"]
[Black "Rao, Che (Jimmy)"]
[Result "1-0"]
[WhiteElo "1157"]
[BlackElo "703"]
[EventType "team-match"]
[EventRounds "2"]
[EventCountry "USA"]

1. e4 c6 2. d4 d5 3. exd5 cxd5 4. Nc3 Nf6 5. Nf3 Nc6 6. Bb5 Bd7 7. Bf4 a6 8.
Ba4 e6 9. O-O Be7 10. Qd3 O-O 11. Bxc6 Bxc6 12. Ne5 Be8 13. Rfe1 Bb4 14. Rad1
Bb5 15. Qg3 Nh5 16. Qf3 Nxf4 17. Qxf4 f6 18. Nd3 Qd7 19. Nxb4 Qe7 20. Nbxd5
Qd7 21. Nb6 Qf7 22. Nxa8 Rxa8 23. Nxb5 axb5 24. a3 e5 25. dxe5 fxe5 26. Qxf7+
Kxf7 27. Rxe5 Rc8 28. Rxb5 Rxc2 29. Rxb7+ Kf6 30. g3 Re2 31. Kg2 g5 32. Kf3
Re6 33. Rbd7 h5 34. R7d6 Rxd6 35. Rxd6+ Ke5 36. Rb6 g4+ 37. Ke3 Kd5 38. a4 Kc5
39. Rb8 Kc6 40. a5 Kc7 41. Rb3 Kc6 42. a6 Kc7 43. a7 Kc6 44. a8=Q+ Kc5 45.
Qc8+ Kd5 46. Rd3+ Ke5 47. Qc5+ Ke6 48. Rd6+ Ke7 49. Qc7+ Kf8 50. Rd8# 1-0

[Event "Intermat 33rd"]
[Site "Redmond"]
[Date "2024.04.20"]
[Round "1.4"]
[White "Wang, Hengsheen"]
[Black "Lu, Karson"]
[Result "0-1"]
[WhiteElo "1107"]
[BlackElo "913"]
[EventType "team-match"]
[EventRounds "2"]
[EventCountry "USA"]

1. e4 c6 2. d4 d5 3. e5 Bf5 4. Nf3 e6 5. Be3 Qb6 6. b3 c5 7. Nbd2 Nc6 8. dxc5
Bxc5 9. Bxc5 Qxc5 10. Rc1 Nge7 11. Bd3 O-O 12. Bxf5 Nxf5 13. O-O d4 14. Re1
Qd5 15. c4 dxc3 16. Rxc3 Nb4 17. a3 Nd3 18. Re2 Rac8 19. Rxc8 Rxc8 20. Nc4 b5
21. Rd2 bxc4 22. bxc4 Qxc4 23. Rxd3 Qxd3 24. Qxd3 Rc1+ 25. Qf1 Rxf1+ 26. Kxf1
Kf8 27. Ke2 Ke7 28. Kd3 Kd7 29. Kc4 Kc6 30. Nd4+ Nxd4 31. Kxd4 Kb5 32. Kc3 Ka4
33. Kb2 f6 34. exf6 gxf6 35. g4 f5 36. gxf5 exf5 37. f4 a6 38. h4 h5 39. Ka2
a5 40. Kb2 Kb5 {#R} 0-1

[Event "Intermat 33rd"]
[Site "Redmond"]
[Date "2024.04.20"]
[Round "1.5"]
[White "Evin, Terrick"]
[Black "Geng, Evan"]
[Result "1/2-1/2"]
[WhiteElo "1518"]
[BlackElo "1128"]
[EventType "team-match"]
[EventRounds "2"]
[EventCountry "USA"]

1. e4 e5 2. Nf3 Nc6 3. Bb5 Nge7 4. O-O d6 5. c3 Bd7 6. d4 Ng6 7. Bg5 Be7 8.
Bxe7 Qxe7 9. Nbd2 O-O 10. Re1 a6 11. Ba4 f5 12. Bb3+ Kh8 13. exf5 Rxf5 14. Ne4
Raf8 15. Ng3 Rf4 16. Qd2 Bg4 17. Bd1 Qd7 18. dxe5 Ncxe5 19. Nxe5 Nxe5 20. Bxg4
Qxg4 21. h3 Qg6 22. Re2 h5 23. b3 h4 24. Rxe5 dxe5 25. Nh1 Qc6 26. Qe3 Rd8 27.
Re1 Rf5 28. Qe4 Rf4 29. Qe2 Rf5 30. Qe4 Qf6 31. Qxb7 Qd6 32. Qe4 Rf4 33. Qe2
g6 34. g3 Rf5 35. Qg4 Rh5 36. gxh4 Qd2 37. Rf1 Qh6 38. Qf3 Rf8 39. Qg3 Qf4 40.
Kg2 Qxh4 41. Qxh4 Rxh4 42. Re1 Re8 43. Ng3 Rh7 44. Ne4 Rf7 45. a4 Kg7 46. Nc5
a5 47. Nb7 Ref8 48. Re2 Rf3 49. Nxa5 Rxc3 50. Ra2 Ra8 51. b4 c5 52. Nc6 cxb4
53. Nxb4 Rc4 54. Nd3 Rcxa4 55. Rxa4 Rxa4 56. Nxe5 Kf6 57. Ng4+ Kg5 58. Kg3
Ra3+ 59. f3 Kh5 60. Nf6+ Kg5 61. Ng4 Kf5 62. Nh6+ Kg5 63. Ng4 Kf5 64. Nf2 g5
65. Ng4 Rb3 66. Nh6+ Kg6 67. Ng4 Kf5 68. Nf2 Rb1 69. Ng4 Rg1+ 70. Kh2 Rb1 71.
Kg3 Rg1+ 72. Kh2 Rb1 73. Kg3 {#d} 1/2-1/2

[Event "Intermat 33rd"]
[Site "Redmond"]
[Date "2024.04.20"]
[Round "1.6"]
[White "Yun, Daniel D."]
[Black "Zhu, Aiden"]
[Result "0-1"]
[WhiteElo "1218"]
[BlackElo "1044"]
[EventType "team-match"]
[EventRounds "2"]
[EventCountry "USA"]

1. e4 c5 2. Nf3 Nc6 3. d4 cxd4 4. Nxd4 d6 5. Nc3 Nf6 6. Be3 Ng4 7. Bg5 Qb6 8.
Bb5 e5 9. Nd5 Qxd4 10. Qxd4 exd4 11. Bxc6+ bxc6 12. Nc7+ Kd7 13. Nxa8 Bb7 14.
h3 Ne5 15. Rd1 h6 16. Bf4 g5 17. Bg3 Bg7 18. Bxe5 Bxe5 19. O-O Bxa8 20. g3 Rg8
21. Rd3 c5 22. Re1 Bc6 23. Ra3 Ra8 24. Rf3 Ke6 25. c4 dxc3 26. bxc3 Rb8 27.
Rfe3 Rb2 28. Ra1 Rc2 29. g4 Bxc3 30. Rd1 Bd4 31. Ra3 Bxf2+ 32. Kf1 Bb5+ 33.
Kg2 Bh4+ 34. Kf3 Be2+ 35. Ke3 Bxd1 36. Rxa7 Re2+ 37. Kd3 c4+ 38. Kxc4 Rxe4+
39. Kd3 Bf2 40. Ra8 Re3+ 41. Kd2 Rxh3 42. Kxd1 Rg3 43. Ra4 Bc5 44. Ke2 Ra3 45.
Re4+ Kd5 46. Re7 Rxa2+ 47. Kd3 Ra3+ 48. Ke2 Re3+ 49. Rxe3 Bxe3 50. Kxe3 Ke5
51. Kf3 d5 52. Ke3 d4+ 53. Kd3 Kf4 54. Kxd4 Kxg4 55. Ke3 Kg3 56. Ke2 Kg2 57.
Ke3 h5 58. Ke4 h4 59. Ke3 h3 {#R} 0-1

[Event "Intermat 33rd"]
[Site "Redmond"]
[Date "2024.04.20"]
[Round "1.7"]
[White "Chen, Andy"]
[Black "Li, Moses"]
[Result "1/2-1/2"]
[WhiteElo "1570"]
[BlackElo "1339"]
[EventType "team-match"]
[EventRounds "2"]
[EventCountry "USA"]

1. e4 g6 2. d4 d6 3. Nf3 Bg7 4. Bc4 e6 5. O-O a6 6. a4 Ne7 7. Re1 b6 8. Bg5
Bb7 9. d5 e5 10. Nc3 h6 11. Be3 g5 12. b4 Bc8 13. Nd2 Ng6 14. Be2 O-O 15. a5
b5 16. Na2 f5 17. exf5 Bxf5 18. c4 bxc4 19. Nxc4 Nd7 20. Bg4 Bxg4 21. Qxg4 Qe7
22. Qe4 Qf6 23. Rac1 Nf4 24. Bxf4 Qxf4 25. Qxf4 Rxf4 26. Ne3 Ra7 27. Re2 Rf7
28. Rc4 Nf8 29. Re1 Ng6 30. g3 h5 31. Rb1 Rf8 32. Rbc1 Rf7 33. Rc6 e4 34. R1c4
Ne5 35. Rxe4 Nxc6 36. dxc6 Ra8 37. Nd5 Raf8 38. Ne7+ Kh7 39. Nd5 Rxf2 40. Nxc7
Rf1+ 41. Kg2 R8f2+ 42. Kh3 g4+ 43. Rxg4 hxg4+ 44. Kxg4 Rxa2 45. Nxa6 Rc2 46.
c7 Rf8 47. b5 Rc4+ 48. Kh3 Bd4 49. b6 Bxb6 50. axb6 Rxc7 51. bxc7 Rc8 52. Kg4
Kg6 53. Kf4 Kf6 54. Ke4 Ke6 55. h4 Kd7 56. h5 Ra8 57. h6 Rxa6 58. g4 Ra8 59.
g5 Ke6 60. g6 Rc8 61. h7 Kf6 62. Kd5 Kxg6 63. Kxd6 Kxh7 64. Kd7 Rxc7+ 65. Kxc7
{#d} 1/2-1/2

[Event "Intermat 33rd"]
[Site "Redmond"]
[Date "2024.04.20"]
[Round "1.8"]
[White "Bharadwaj, Samarth"]
[Black "Cui, Sky"]
[Result "1-0"]
[WhiteElo "1406"]
[BlackElo "1193"]
[EventType "team-match"]
[EventRounds "2"]
[EventCountry "USA"]

1. e4 c5 2. Nf3 d6 3. d4 cxd4 4. Nxd4 Nf6 5. Nc3 a6 6. h3 e5 7. Nf3 h6 8. g4
Nc6 9. Rg1 g5 10. Be3 Be6 11. Qd2 Be7 12. O-O-O Qc7 13. Nd5 Bxd5 14. exd5 Nd8
15. Re1 b5 16. h4 Ne4 17. Qb4 Nc5 18. hxg5 hxg5 19. Nxg5 Bxg5 20. Bxg5 Rc8 21.
Kb1 Ndb7 22. f4 Nd7 23. fxe5 Qxc2+ 24. Ka1 O-O 25. e6 Ne5 26. e7 Rfe8 27. Qf4
Qg6 28. Rh1 Nd7 29. Bd3 Qxd3 30. Bf6 Nxf6 31. Qxf6 Rc1+ 32. Rxc1 Qh7 33. Rxh7
Kxh7 34. Rh1+ Kg8 35. Rh8# 1-0

[Event "Intermat 33rd"]
[Site "Redmond"]
[Date "2024.04.20"]
[Round "1.9"]
[White "Merriman, Dann"]
[Black "Yin, Andrew"]
[Result "0-1"]
[WhiteElo "1638"]
[BlackElo "1541"]
[EventType "team-match"]
[EventRounds "2"]
[EventCountry "USA"]

1. e4 c5 2. c3 d5 3. exd5 Qxd5 4. Nf3 g6 5. Be2 Bg7 6. d4 Nf6 7. Bf4 Nc6 8.
O-O O-O 9. Na3 cxd4 10. cxd4 e6 11. Bc4 Qf5 12. Qd2 Rd8 13. Rad1 Nh5 14. Be3
e5 15. d5 e4 16. Nd4 Nxd4 17. Bxd4 Bxd4 18. Qxd4 Nf4 19. Rfe1 Qg5 20. Qxe4 Bf5
21. Qf3 Bg4 22. Qg3 Nh5 23. Qc7 Bxd1 24. Rxd1 Nf4 25. g3 Nxd5 26. Qxb7 Ne7 27.
Re1 Nf5 28. Qxf7+ Kh8 29. f4 Qh6 30. Bd5 Rab8 31. g4 Nd4 32. Qc7 Rbc8 33. Qe5+
Qg7 34. Qxg7+ Kxg7 35. Re7+ Kf8 36. Re5 Rc5 37. Bg2 Rxe5 38. fxe5 Rc8 39. h3
Ke7 40. Bd5 Rc5 41. Bg8 h6 42. Nc4 Nf3+ 43. Kf2 Nxe5 44. Nxe5 Rxe5 45. a4 g5
46. b3 Kd6 47. Kg2 Kc5 48. Bc4 Re3 49. Bg8 Kb4 50. Bf7 Rxb3 51. Bxb3 Kxb3 52.
h4 Kxa4 53. hxg5 hxg5 54. Kf3 Kb3 55. Ke4 a5 56. Kf5 a4 57. Kxg5 a3 58. Kh6 a2
59. g5 a1=Q {#R} 0-1

[Event "Intermat 33rd"]
[Site "Redmond"]
[Date "2024.04.20"]
[Round "1.10"]
[White "Zhou, Yuchen"]
[Black "Yin, Aiden"]
[Result "1-0"]
[WhiteElo "1765"]
[BlackElo "1544"]
[EventType "team-match"]
[EventRounds "2"]
[EventCountry "USA"]

1. d4 d5 2. Nf3 Nf6 3. e3 e6 4. Bd3 Bd6 5. O-O O-O 6. Nbd2 Nbd7 7. Re1 e5 8.
dxe5 Nxe5 9. Nxe5 Bxe5 10. Nf3 Bd6 11. b3 Ne4 12. Bb2 Bb4 13. Rf1 Bg4 14. a3
Bd6 15. Bxe4 dxe4 16. Qd4 Qf6 17. Qxf6 gxf6 18. Nd2 f5 19. Kh1 f6 20. f3 exf3
21. gxf3 Bh5 22. Nc4 Bc5 23. Rad1 b5 24. Rd5 bxc4 25. Rxc5 cxb3 26. cxb3 Bg6
27. Rxc7 Rf7 28. Rc6 Kg7 29. Rg1 Rd8 30. h4 h5 31. Rc5 Kh7 32. Rc6 Kg7 33. Bd4
f4 34. Rc3 fxe3 35. Bxe3 Kh7 36. Rgc1 Rdd7 37. Kg2 f5 38. Bf4 Rfe7 39. Rc7 Bf7
40. Rxd7 Rxd7 41. b4 Bd5 42. a4 a6 43. b5 axb5 44. axb5 Rb7 45. Rc5 Rd7 46. b6
Kg6 47. Rxd5 Rxd5 48. b7 Rb5 49. b8=Q Rxb8 50. Bxb8 Kf6 51. Kg3 Ke6 52. Kf4
Kf6 53. Bc7 Kg6 54. Bd8 Kh6 55. Kxf5 Kh7 56. Ke6 Kg8 57. Ke7 Kg7 58. f4 Kg6
59. Ke6 Kg7 60. Be7 Kg6 61. f5+ Kg7 62. f6+ Kg6 63. f7 Kh7 64. f8=Q Kg6 65.
Qf7+ Kh6 66. Bf8# 1-0

[Event "Intermat 33rd"]
[Site "Redmond"]
[Date "2024.04.20"]
[Round "1.11"]
[White "Yondon, Odbayar"]
[Black "Wu, Bowen"]
[Result "1-0"]
[WhiteElo "1805"]
[BlackElo "1604"]
[EventType "team-match"]
[EventRounds "2"]
[EventCountry "USA"]

1. e4 e6 2. d4 d5 3. exd5 exd5 4. Bd3 Nf6 5. Nf3 Bg4 6. h3 Be6 7. O-O Bd6 8.
Bg5 h6 9. Bh4 Nc6 10. Re1 Qd7 11. Ne5 Qe7 12. f4 Nxd4 13. c3 Nc6 14. Nxc6 bxc6
15. f5 Bc5+ 16. Kh1 O-O 17. fxe6 fxe6 18. Qe2 g5 19. Bg3 Bb6 20. Nd2 Kf7 21.
Nf3 Nd7 22. Ne5+ Nxe5 23. Qxe5 Rh8 24. Rf1+ Kg8 25. Rf6 {#r} 1-0

[Event "Intermat 33rd"]
[Site "Redmond"]
[Date "2024.04.20"]
[Round "1.12"]
[White "Bharathy Mohan, Aarav"]
[Black "Yang, Larry"]
[Result "1/2-1/2"]
[WhiteElo "1657"]
[BlackElo "1315"]
[EventType "team-match"]
[EventRounds "2"]
[EventCountry "USA"]

1. e4 c5 2. c3 d5 3. exd5 Qxd5 4. d4 Nc6 5. Nf3 Nf6 6. Be2 cxd4 7. cxd4 e6 8.
Nc3 Qd8 9. O-O Bd6 10. Bg5 Be7 11. Re1 O-O 12. Qd2 h6 13. Bh4 b6 14. Rad1 Bb7
15. Bb5 Re8 16. Ne5 Rc8 17. Bg3 a6 18. Nxc6 Bxc6 19. Bxa6 Ra8 20. Bc4 Qd7 21.
d5 exd5 22. Nxd5 Bxd5 23. Bxd5 Nxd5 24. Qxd5 Qxd5 25. Rxd5 Bf6 26. Rxe8+ Rxe8
27. h3 Bxb2 28. Rb5 {#d} 1/2-1/2

[Event "Intermat 33rd"]
[Site "Redmond"]
[Date "2024.04.20"]
[Round "1.13"]
[White "Ramkumar, Nikhil"]
[Black "Liu, Zachary Hankun"]
[Result "0-1"]
[WhiteElo "1805"]
[BlackElo "2188"]
[EventType "team-match"]
[EventRounds "2"]
[EventCountry "USA"]

1. e4 c5 2. Nc3 d6 3. f4 Nc6 4. Nf3 g6 5. Bc4 Bg7 6. O-O e6 7. d3 Nge7 8. Qe1
Nd4 9. Nxd4 cxd4 10. Ne2 O-O 11. Bb3 Nc6 12. Bd2 Qe7 13. Qg3 f5 14. Rae1 Bd7
15. Kh1 Kh8 16. Ng1 Rae8 17. Nf3 b5 18. Ng5 Qf6 19. e5 dxe5 20. fxe5 Nxe5 21.
Bb4 f4 22. Qh4 h6 23. Bxf8 Rxf8 24. Nf3 g5 25. Qf2 Ng4 26. Qd2 Ne3 27. Rf2 g4
28. Ng1 Qh4 29. h3 Bc6 30. Bxe6 Nxg2 31. Rxg2 Bxg2+ 32. Kxg2 f3+ 33. Nxf3 Rxf3
34. Bxg4 Qg3+ 35. Kh1 Rf2 36. Re8+ Kh7 37. Bf5+ Rxf5 38. Qg2 Rg5 39. Qxg3 Rxg3
40. Kh2 Rg5 41. c3 dxc3 42. bxc3 Bxc3 43. Ra8 Be5+ 44. Kh1 Bd4 45. Rd8 Bb6 46.
Rd7+ Kg6 47. d4 Rg3 48. Kh2 Ra3 49. Rd5 Rxa2+ 50. Kg3 b4 51. Rb5 Bxd4 52. Rxb4
Be5+ 53. Kf3 a5 {#R} 0-1

[Event "Intermat 33rd"]
[Site "Redmond"]
[Date "2024.04.20"]
[Round "1.14"]
[White "Cheng, Selina"]
[Black "Yang, Nathan Yi-Hsin"]
[Result "1/2-1/2"]
[WhiteElo "1591"]
[BlackElo "1552"]
[EventType "team-match"]
[EventRounds "2"]
[EventCountry "USA"]

1. e4 c5 2. Nf3 e6 3. d4 cxd4 4. Nxd4 a6 5. Nc3 Qc7 6. a3 Be7 7. Be2 Nf6 8.
Be3 O-O 9. Qd2 Nc6 10. g4 d6 11. g5 Nd7 12. h4 b5 13. h5 Bb7 14. g6 Nc5 15. f3
Bf6 16. Nxc6 Bxc6 17. O-O-O Rfc8 18. gxf7+ Qxf7 19. Qxd6 Na4 20. Nxa4 bxa4 21.
Bc5 Bb5 22. Bxb5 axb5 23. Kb1 Rd8 24. Qg3 Rxd1+ 25. Rxd1 Qxh5 26. Bb4 Rc8 27.
Qd6 Qh3 28. Ka2 Rd8 29. Qc5 Qxf3 30. Rxd8+ Bxd8 31. Qxb5 Qf7 32. c4 Bc7 33. e5
h5 34. Bd6 h4 35. Bxc7 h3 36. Qc6 h2 37. Bb6 Qg6 38. Qa8+ Kh7 39. Qh1 Qg3 40.
Qe4+ Kh8 41. Qa8+ Kh7 42. Qe4+ Kg8 43. Be3 Qe1 44. Qa8+ {#d} 1/2-1/2

[Event "Intermat 33rd"]
[Site "Redmond"]
[Date "2024.04.20"]
[Round "1.15"]
[White "Verma, Darsh"]
[Black "Mok, Erwin Jun-Han"]
[Result "0-1"]
[WhiteElo "1792"]
[BlackElo "2005"]
[EventType "team-match"]
[EventRounds "2"]
[EventCountry "USA"]

1. e4 c5 2. Nf3 d6 3. d4 cxd4 4. Nxd4 Nf6 5. Nc3 g6 6. Be3 Bg7 7. f3 O-O 8.
Qd2 Nc6 9. g4 Be6 10. Nxe6 fxe6 11. Bc4 Qc8 12. O-O-O Ne5 13. Be2 Nfd7 14.
Rhf1 Nc4 15. Bxc4 Qxc4 16. Bd4 Bxd4 17. Qxd4 Qxd4 18. Rxd4 Ne5 19. f4 Nxg4 20.
h3 e5 21. Rd3 Nf6 22. f5 gxf5 23. Rxf5 h6 24. Rdf3 Rac8 25. Kd2 b5 26. Kd3 a6
27. b3 Rfd8 28. Nd5 Nxd5 29. exd5 Rc5 30. c4 bxc4+ 31. bxc4 e4+ 32. Kxe4 Rxc4+
33. Kd3 Rdc8 34. Rg3+ Kh8 35. Rg6 Rc3+ 36. Kd2 Rxh3 37. Re6 Rh2+ 38. Kd3 Rcc2
39. Rf8+ Kg7 40. Re8 Rhd2+ 41. Ke4 Re2+ 42. Kf5 Rxe6 43. Kxe6 Re2+ 44. Kd7 h5
45. Rxe7+ Rxe7+ 46. Kxe7 h4 47. Kxd6 h3 48. Kc7 h2 49. d6 h1=Q 50. d7 Qc1+ 51.
Kd6 Qd2+ 52. Kc6 Qc3+ 53. Kd6 Qd4+ 54. Ke6 Kf8 {#R} 0-1

[Event "Intermat 33rd"]
[Site "Redmond"]
[Date "2024.04.20"]
[Round "1.16"]
[White "Han, Shuyi"]
[Black "Gao, Justin"]
[Result "1/2-1/2"]
[WhiteElo "1689"]
[BlackElo "1876"]
[EventType "team-match"]
[EventRounds "2"]
[EventCountry "USA"]

1. d4 Nf6 2. c4 e5 3. dxe5 Ng4 4. Nf3 d6 5. e3 Nc6 6. Be2 Ngxe5 7. Nxe5 Nxe5
8. O-O Be7 9. Nc3 O-O 10. b3 c6 11. Bb2 f5 12. Qd2 Qc7 13. Rad1 Be6 14. f4 Nd7
15. Ba3 Nc5 16. Bf3 Rad8 17. Ne2 d5 18. cxd5 Bxd5 19. Bxd5+ Rxd5 20. Qc2 Rfd8
21. Rxd5 Rxd5 22. Nc3 Rd8 23. Qxf5 Rf8 24. Qc2 Qb6 25. Rf3 Rd8 26. h3 Qa5 27.
Bb2 Nd3 28. Rg3 Bh4 29. Rg4 Bf2+ 30. Kh2 Bxe3 31. Ne2 g6 32. Qc4+ Qd5 33.
Qxd5+ Rxd5 34. Bc3 Nf2 35. Rg3 Bb6 36. Rf3 Rd1 37. g4 Ne4 38. Kg2 Nxc3 39.
Nxc3 Rd2+ 40. Kg3 Bd4 41. a4 a5 42. Ne4 Re2 43. Nd6 b6 44. Nc4 Ra2 45. Rd3
Bf2+ 46. Kf3 Bc5 47. Ne5 b5 48. Rd8+ Kg7 49. Rd7+ Kg8 50. Nxc6 bxa4 51. bxa4
Rxa4 52. Rd8+ Kg7 53. Ne5 Ra3+ 54. Kg2 a4 55. Rd7+ Kg8 56. g5 Bf8 57. Rd8 Kg7
58. Rd7+ Kg8 59. Rd8 Kg7 60. Rd7+ {#d} 1/2-1/2

[Event "Intermat 33rd"]
[Site "Redmond"]
[Date "2024.04.20"]
[Round "1.17"]
[White "Scollon, Owen"]
[Black "Xu, Justin"]
[Result "0-1"]
[WhiteElo "1830"]
[BlackElo "1863"]
[EventType "team-match"]
[EventRounds "2"]
[EventCountry "USA"]

1. e4 c5 2. Nf3 d6 3. d4 cxd4 4. Nxd4 Nf6 5. Nc3 g6 6. f4 Nc6 7. Bb5 Bd7 8.
Nxc6 Bxc6 9. Qe2 Bxb5 10. Qxb5+ Qd7 11. e5 dxe5 12. fxe5 Qxb5 13. Nxb5 Nd5 14.
c4 a6 15. cxd5 axb5 16. Bf4 Ra4 17. O-O Bg7 18. Bg3 O-O 19. b3 Re4 20. Rfe1
Rxe1+ 21. Rxe1 Rd8 22. d6 exd6 23. exd6 Bd4+ 24. Kf1 Bc5 25. Rd1 Rd7 26. Rd5
b6 27. Ke2 f5 28. a3 Bxa3 29. Rxb5 Bxd6 30. Rxb6 Bxg3 31. hxg3 Kg7 32. b4 Kh6
33. Ke3 Kg5 34. b5 Kg4 35. Kf2 Rd2+ 36. Ke1 Rxg2 37. Rb7 h6 38. Rg7 g5 39. b6
Rxg3 40. b7 Rb3 41. Kf2 h5 42. Ke2 h4 43. Kd2 h3 44. Kc2 Rb6 45. Rh7 h2 46.
Rxh2 Rxb7 47. Kd3 Re7 48. Rg2+ Kh4 49. Rh2+ Kg3 50. Rh5 Kg4 51. Rh1 f4 52.
Rg1+ Kf5 53. Ra1 f3 54. Ra5+ Kf4 55. Ra4+ Kg3 56. Kc2 f2 57. Ra3+ Kg2 58. Kb2
f1=Q 59. Rc3 Re2+ {#R} 0-1

[Event "Intermat 33rd"]
[Site "Redmond"]
[Date "2024.04.20"]
[Round "1.18"]
[White "Mishra, Abhinav"]
[Black "Koo, Minjun"]
[Result "0-1"]
[WhiteElo "1720"]
[BlackElo "1676"]
[EventType "team-match"]
[EventRounds "2"]
[EventCountry "USA"]

1. d4 f5 2. Nc3 Nf6 3. Bg5 g6 4. Nf3 Bg7 5. e3 O-O 6. Bd3 b6 7. Qe2 Bb7 8.
Bxf6 Bxf6 9. e4 e6 10. O-O Qe7 11. Rfe1 Qg7 12. e5 Bd8 13. Rad1 g5 14. d5 g4
15. Nd2 exd5 16. e6 Bf6 17. Nb5 Na6 18. Bxf5 Bh4 19. Qe5 Qxe5 20. Rxe5 d6 21.
Bxh7+ Kg7 22. Rh5 Bxf2+ 23. Kh1 Be3 24. Nb3 Rh8 25. Rf1 Raf8 26. Rhf5 Rxf5 27.
Bxf5 g3 28. Bh3 Rxh3 {#R} 0-1

[Event "Intermat 33rd"]
[Site "Redmond"]
[Date "2024.04.20"]
[Round "1.19"]
[White "Min, Ryan"]
[Black "Xu, Joey"]
[Result "1-0"]
[WhiteElo "2163"]
[BlackElo "1782"]
[EventType "team-match"]
[EventRounds "2"]
[EventCountry "USA"]

1. d4 Nf6 2. c4 e6 3. Nc3 Bb4 4. e3 O-O 5. Bd3 d5 6. cxd5 exd5 7. Nge2 c5 8.
a3 Bxc3+ 9. bxc3 Nc6 10. O-O Re8 11. f3 a6 12. Ng3 b5 13. Re1 Rb8 14. Bb2 Qb6
15. Kh1 Na5 16. e4 Nc4 17. Qc2 cxd4 18. cxd4 Be6 19. e5 Nxb2 20. Qxb2 Nd7 21.
f4 g6 22. f5 gxf5 23. Bxf5 Qd8 24. Qc2 Qh4 25. Qd3 Rbc8 26. Re3 Rc4 27. Ne2
Nf8 28. Rh3 Bxf5 29. Qxf5 Qe4 30. Qg5+ Ng6 31. Re3 Qh4 32. Qf5 Qe7 33. Rf1 Rc6
34. Ng3 Qe6 35. Qh5 Rec8 36. Ree1 Ne7 37. Rf6 Rc1 38. Qg5+ {#r} 1-0

[Event "Intermat 33rd"]
[Site "Redmond"]
[Date "2024.04.20"]
[Round "1.20"]
[White "Anandkumar, Haituka"]
[Black "Yu, Ryan Bole"]
[Result "1/2-1/2"]
[WhiteElo "1579"]
[BlackElo "1791"]
[EventType "team-match"]
[EventRounds "2"]
[EventCountry "USA"]

1. e4 c6 2. d4 d5 3. exd5 cxd5 4. Bd3 Nc6 5. c3 Nf6 6. Ne2 Bg4 7. O-O e6 8.
Qe1 Bd6 9. f3 Bh5 10. Qh4 O-O 11. Bg5 Bg6 12. Bxg6 fxg6 13. Nd2 Ne7 14. Qh3
Nf5 15. Rfe1 Qc7 16. Nf1 Rae8 17. Neg3 Nd7 18. Nxf5 gxf5 19. Re2 h6 20. Bd2
Nb6 21. Rae1 Rf6 22. g4 Qf7 23. g5 Rg6 24. f4 Nc4 25. Bc1 Qc7 26. Qh5 Kh7 27.
Qf3 b5 28. h4 hxg5 29. hxg5 Kg8 30. Qh5 Kf7 31. Rxe6 Rexe6 32. Rxe6 Kxe6 33.
Qxg6+ Kd7 34. Qxf5+ Kc6 35. b3 Nb6 36. Ng3 Kb7 37. Ne2 Qe7 38. Kf2 Qe8 39. Ng3
Qh8 40. Qf7+ Ka8 41. Qe6 Qh2+ 42. Kf3 Bc7 43. Qg8+ Kb7 44. Qxg7 Qxa2 45. Qe7
Qxb3 46. Bd2 Nc4 47. Be3 Qd1+ 48. Kg2 {#d} 1/2-1/2

[Event "Intermat 33rd"]
[Site "Redmond"]
[Date "2024.04.20"]
[Round "1.21"]
[White "Wirkkala, Zane"]
[Black "Leong, Aiden"]
[Result "0-1"]
[WhiteElo "1657"]
[BlackElo "2059"]
[EventType "team-match"]
[EventRounds "2"]
[EventCountry "USA"]

1. c4 Nf6 2. d4 e6 3. Nc3 Bb4 4. Qc2 d5 5. Bg5 dxc4 6. e3 Qd5 7. Bxf6 gxf6 8.
Qa4+ Nc6 9. Qxb4 Nxb4 10. Nxd5 exd5 11. Kd2 Bf5 12. a3 Nc6 13. Ne2 Ne7 14. Nf4
c6 15. Nh5 O-O-O 16. Nxf6 h5 17. Be2 Rd6 18. Nxh5 Rdh6 19. Ng3 Be6 20. h3 Nf5
21. Nxf5 Bxf5 22. a4 a5 23. Ra3 Rg6 24. Rh2 Kc7 25. b3 b5 26. axb5 cxb5 27.
Rxa5 cxb3 28. Rxb5 Ra8 29. Kc3 Ra2 30. Bf3 b2 31. Bxd5 b1=Q 32. Rxb1 Rc2+ 33.
Kb3 Rb6+ 34. Ka3 Rxb1 35. g4 Be6 36. Bxe6 fxe6 {#R} 0-1

[Event "Intermat 33rd"]
[Site "Redmond"]
[Date "2024.04.20"]
[Round "1.22"]
[White "Siddem, Sid"]
[Black "Mueller, Maximilian"]
[Result "0-1"]
[WhiteElo "1575"]
[BlackElo "1997"]
[EventType "team-match"]
[EventRounds "2"]
[EventCountry "USA"]

1. d4 Nf6 2. Bf4 e6 3. e3 c5 4. c3 b6 5. Nd2 d5 6. Ngf3 Bd6 7. Bg5 O-O 8. Bd3
Ba6 9. Bxa6 Nxa6 10. Qe2 Nb8 11. e4 dxe4 12. Nxe4 Be7 13. Nxf6+ Bxf6 14. Bxf6
Qxf6 15. O-O cxd4 16. Nxd4 Nd7 17. Qf3 Qxf3 18. Nxf3 Nc5 19. b3 Rfd8 20. Rad1
Ne4 21. Rc1 Rd3 22. c4 Rad8 23. Ne5 Rd2 24. f3 Nf6 25. Nc6 R8d6 26. Nxa7 Kf8
27. Nb5 R6d3 28. Nc3 Nd7 29. Rf2 Nc5 30. Rc2 Rxc2 31. Rxc2 e5 32. Nd5 e4 33.
fxe4 Nxe4 34. h3 Rd1+ 35. Kh2 Re1 36. Nxb6 f5 37. c5 f4 38. c6 Ng3 {#R} 0-1

[Event "Intermat 33rd"]
[Site "Redmond"]
[Date "2024.04.20"]
[Round "1.23"]
[White "Joshi, Atharva"]
[Black "Qin, Kaiqi"]
[Result "0-1"]
[WhiteElo "1799"]
[BlackElo "2147"]
[EventType "team-match"]
[EventRounds "2"]
[EventCountry "USA"]

1. e4 c6 2. d4 d5 3. exd5 cxd5 4. Bd3 Nc6 5. c3 Nf6 6. Bf4 g6 7. Nd2 Nh5 8.
Be3 Bg7 9. h3 O-O 10. g4 Nf6 11. Ngf3 Qd6 12. Qe2 Nd7 13. O-O-O e5 14. dxe5
Ndxe5 15. Nxe5 Nxe5 16. Bc2 b5 17. Qxb5 Bd7 18. Qa5 Rfc8 19. Nb3 Nc4 20. Qxd5
Qa6 21. Kb1 Bc6 22. Qd3 Bxh1 23. Rxh1 Rd8 24. Bd4 Rab8 25. Re1 Qc6 26. Qe4 Qb5
27. Bd3 Re8 28. Qh1 Na3+ 29. bxa3 Qxd3+ 30. Ka1 Bxd4 31. Rxe8+ Rxe8 32. cxd4
Qc3+ {#R} 0-1

[Event "Intermat 33rd"]
[Site "Redmond"]
[Date "2024.04.20"]
[Round "1.24"]
[White "Maurer, Sam"]
[Black "Jiang, Kate"]
[Result "0-1"]
[WhiteElo "1766"]
[BlackElo "2092"]
[EventType "team-match"]
[EventRounds "2"]
[EventCountry "USA"]

1. c4 c6 2. d4 d5 3. Nc3 Nf6 4. cxd5 cxd5 5. f3 Nc6 6. e4 e6 7. e5 Nd7 8. f4
a6 9. Nf3 b5 10. Bd3 Nb6 11. O-O Be7 12. b3 g6 13. Be3 Bb7 14. h3 Ba3 15. Bc1
Bb4 16. Bb2 Nc8 17. Ne2 N8e7 18. a3 Ba5 19. g4 h5 20. Ng3 Kd7 21. Ng5 Qg8 22.
gxh5 Bb6 23. Be2 Nf5 24. Nxf5 gxf5 25. Kh2 Qf8 26. Qd2 Rc8 27. Rf3 Rxh5 28.
Rg3 Rh8 29. Rag1 Nd8 30. b4 Kc7 31. a4 Bc6 32. a5 Ba7 33. Nf3 Be8 34. h4 Nc6
35. Bc3 Ne7 36. Rh3 Kb7 37. h5 Nc6 38. Ng5 Rh6 39. Rhg3 Rc7 40. Kg2 Re7 41.
Kf2 f6 42. Nh3 fxe5 43. fxe5 Nxe5 44. Nf4 Ng4+ 45. Bxg4 fxg4 46. Rxg4 e5 {#R}
0-1